000 00687nam a2200265Ia 4500
005 20260121170545.0
008 008 260114s9999 xx 000 0 eng d
020 _a9783319899503
037 _aEBOOK
040 _aCRL
040 _beng
040 _cCRL
041 _2eng
041 _aeng
084 _qCRL
100 _aEirik Magnus Fuglestad
_91065338
245 0 _aPrivate Property and the Origins of Nationalism in the United States and Norway
260 _bSpringer
260 _bSpringer
260 _c2018
856 _uhttps://link.springer.com/openurl?genre=book&isbn=978-3-319-89950-3
942 _cEBOOK
999 _c1631068
_d1631068